000 00485nam a2200181Ia 4500
008 230917s9999||||xx |||||||||||||| ||und||
020 _cGBP60.99
040 _e256230
_aMAIN
041 _aEnglish
082 _a658 R534F(10)
100 _aRobbins, Stephen P
245 0 _aFundamentals of management
250 _a10th ed.
260 _aHarlow
_bPearson Education
_c2017
300 _a528 p.
500 _a3501 15/07/2019 RK19/841 16/07/2019 IMSAR (Dev. & Research)
942 _cBK
999 _c31605
_d31605